[Event "Superettan(En Passant-Rodeby)"]
[Site "?"]
[Date "2010.02.06"]
[Round "5"]
[White "Carlsson, Christofer"]
[Black "Laksman, Efraim"]
[Result "1/2-1/2"]
[WhiteElo "2145"]
[BlackElo "2242"]
[PlyCount "81"]
[EventDate "2010.??.??"]

1. d4 Nf6 2. c4 g6 3. Nc3 Bg7 4. e4 d6 5. f3 O-O 6. Be3 c5 7. Nge2 Nc6 8. Qd2
a6 9. dxc5 dxc5 10. Qxd8 Rxd8 11. Bxc5 Nd7 12. Ba3 a5 13. Nd5 e6 14. Ne7+ Nxe7
15. Bxe7 Bxb2 16. Rb1 Re8 17. Bd6 Ne5 18. Nc1 Bc3+ 19. Kf2 b6 20. Ne2 Bb2 21.
Nc1 Bd4+ 22. Kg3 Nd7 23. Nb3 Bf6 24. c5 Nxc5 25. Nxc5 bxc5 26. Bxc5 Bd7 27. Bb5
Rec8 28. Bd6 Bxb5 29. Rxb5 Rc2 30. Rhb1 Kg7 31. e5 Bg5 32. h4 Bd2 33. Rb8 Rxb8
34. Rxb8 Bb4 35. Bxb4 axb4 36. Rxb4 Rxa2 37. Rb7 Ra4 38. Rc7 h6 39. Rb7 g5 40.
hxg5 hxg5 41. Re7 1/2-1/2

[Event "Superettan(En Passant-Rodeby)"]
[Site "?"]
[Date "2010.02.06"]
[Round "5"]
[White "Ostling, Hakan"]
[Black "Sjofors, Holger"]
[Result "1-0"]
[WhiteElo "2167"]
[BlackElo "1912"]
[PlyCount "53"]

1. f4 e5 2. fxe5 d6 3. exd6 Bxd6 4. Nf3 Nf6 5. d4 O-O 6. e4 Nxe4 7. Bd3 Bf5 8.
O-O Bg6 9. Nc3 f5 10. Nb5 Nc6 11. Nxd6 Qxd6 12. c3 Kh8 13. Nh4 Rae8 14. Bf4 Qf6
15. g3 Qe7 16. Qc2 Qd7 17. Rae1 Nd6 18. Bxd6 cxd6 19. Rxe8 Qxe8 20. Qd2 Ne7 21.
Re1 Qf7 22. Qg5 Re8 23. Qe3 Bh5 24. Bb5 Nc6 25. Qxe8+ Qxe8 26. Rxe8+ Bxe8 27.
Nxf5 1-0

[Event "Superettan(En Passant-Rodeby)"]
[Site "?"]
[Date "2010.02.06"]
[Round "5"]
[White "Karlsson, Anders"]
[Black "Eriksson, Bengt"]
[Result "1/2-1/2"]
[WhiteElo "1898"]
[BlackElo "2066"]
[PlyCount "136"]

1. e4 e5 2. Nf3 Nf6 3. Nc3 Bb4 4. Bc4 d6 5. h3 Be6 6. Qe2 Nc6 7. Nd5 Bc5 8. c3
O-O 9. b4 Bb6 10. Bb2 Bxd5 11. Bxd5 Nxd5 12. exd5 Ne7 13. c4 c6 14. dxc6 Nxc6
15. b5 e4 16. bxc6 exf3 17. Qxf3 Re8+ 18. Kd1 bxc6 19. Re1 d5 20. Rc1 Ba5 21.
Rxe8+ Qxe8 22. Qg4 f6 23. cxd5 cxd5 24. Bxf6 Qf7 25. Rc8+ Rxc8 26. Qxc8+ Qf8
27. Qxf8+ Kxf8 28. Bd4 a6 29. d3 g6 30. Ke2 Ke7 31. Ke3 Bc7 32. f4 Ke6 33. g3
Bd6 34. Bb6 h5 35. Bd4 Bb4 36. Be5 Ba3 37. Kf3 Bc5 38. g4 Be7 39. Ke3 hxg4 40.
hxg4 Bc5+ 41. d4 Ba3 42. Kd3 Bb4 43. Kc2 Be1 44. Kb3 Bd2 45. Kc2 Be1 46. a3 Ba5
47. Kd3 Bb6 48. Kc3 Ba5+ 49. Kb3 Be1 50. Bc7 Kd7 51. Bb8 Ke6 52. Ka4 Bc3 53.
Be5 Bd2 54. Kb3 Be1 55. Bb8 Ba5 56. Kc2 Bd8 57. Kd3 Be7 58. a4 Bb4 59. Ba7 Ba5
60. Bc5 Bc7 61. Ke3 Ba5 62. Ba3 Bc3 63. Bc1 Bb4 64. Bd2 Bd6 65. Kd3 Bc7 66. Kc2
Bb6 67. Kd3 Bc7 68. a5 Bd6 1/2-1/2

[Event "Superettan(En Passant-Rodeby)"]
[Site "?"]
[Date "2010.02.06"]
[Round "5"]
[White "Karlsson, Robert"]
[Black "Klasen, Gunnar"]
[Result "1-0"]
[WhiteElo "2010"]
[BlackElo "1850"]
[PlyCount "99"]

1. e4 e6 2. d4 d5 3. Nc3 Bb4 4. Bd3 dxe4 5. Bxe4 Nf6 6. Bd3 Nc6 7. Nf3 Bd7 8.
a3 Bd6 9. O-O h6 10. Qe2 Qe7 11. Ne4 Nxe4 12. Qxe4 f5 13. Qe2 O-O 14. Re1 Qf6
15. Qe3 Rae8 16. Ne5 Bxe5 17. dxe5 Qg6 18. b4 a5 19. b5 Ne7 20. Qc5 c6 21. b6
Qf7 22. Qxa5 Ra8 23. Qc5 Rfd8 24. a4 Bc8 25. a5 Rd5 26. Qc3 Ng6 27. Bc4 Rd8 28.
Ba3 Nf4 29. Bd6 Nd5 30. Qd4 g5 31. Reb1 Qg7 32. Qc5 Qd7 33. Ra3 Re8 34. Rh3 Kg7
35. Rhb3 Kg8 36. a6 Qf7 37. Bf1 Nf4 38. g3 Ng6 39. a7 Nf8 40. Bxf8 Qxf8 41.
Qxf8+ Kxf8 42. Rd3 Ke7 43. Rbd1 f4 44. Bg2 fxg3 45. hxg3 Kf8 46. Be4 Ke7 47.
Kg2 Kf8 48. Bg6 Re7 49. Rd8+ Kg7 50. Be8 1-0

[Event "Superettan(En Passant-Rodeby)"]
[Site "?"]
[Date "2010.02.06"]
[Round "5"]
[White "Gyllin, Mats"]
[Black "Bernhardsson, Sten"]
[Result "0-1"]
[WhiteElo "1771"]
[BlackElo "2049"]
[PlyCount "84"]

1. e4 c5 2. Nf3 e6 3. c3 d5 4. e5 Nc6 5. d4 Nge7 6. Bd3 Nf5 7. Bxf5 exf5 8. O-O
Be7 9. Be3 b6 10. a3 O-O 11. b4 cxd4 12. cxd4 Be6 13. Qd3 Rc8 14. Nbd2 h6 15.
Nb3 Qd7 16. Rfc1 Rfd8 17. b5 Nb8 18. a4 Rxc1+ 19. Rxc1 Ba3 20. Rc2 f4 21. Ra2
fxe3 22. Rxa3 exf2+ 23. Kxf2 Bf5 24. Qe3 Qe7 25. Nbd2 Nd7 26. Qb3 Nf8 27. a5
Ne6 28. axb6 axb6 29. Ra6 Qc7 30. Qa2 Nf4 31. Ra7 Qc3 32. Qb3 Nd3+ 33. Kg3 Qc8
34. Nf1 Qc1 35. N1d2 Be4 36. Qb1 Qc8 37. Nxe4 dxe4 38. Qa2 Qf5 39. Qd2 exf3 40.
gxf3 Nxe5 41. Qe3 Rxd4 42. Re7 Rd5 0-1

[Event "Superettan(Horndal-Rockaden,Sthlm II)"]
[Site "?"]
[Date "2010.02.06"]
[Round "5"]
[White "Sandbom, Jonas"]
[Black "Olsson, Krister"]
[Result "1/2-1/2"]
[WhiteElo "2212"]
[BlackElo "2329"]
[PlyCount "55"]
[SourceDate "2010.02.12"]

1. e4 c5 2. Nf3 Nc6 3. d4 cxd4 4. Nxd4 e5 5. Nxc6 bxc6 6. c4 Qh4 7. Bd3 Nf6 8.
Qe2 Ba6 9. Nd2 Bc5 10. O-O O-O 11. Nf3 Qh5 12. Be3 Bxe3 13. Qxe3 d5 14. cxd5
Bxd3 15. Qxd3 cxd5 16. Nd2 Qg6 17. Rfe1 Rad8 18. Qe3 h6 19. exd5 Rxd5 20. Nc4
Ng4 21. Qe4 Qxe4 22. Rxe4 f5 23. Ree1 e4 24. Rad1 Rfd8 25. Rxd5 Rxd5 26. f3
exf3 27. gxf3 Nf6 28. Kf2 1/2-1/2

[Event "Superettan(Horndal-Rockaden,Sthlm II)"]
[Site "?"]
[Date "2010.02.06"]
[Round "5"]
[White "Vaarala, Eric"]
[Black "Todorovic, Zoran"]
[Result "1-0"]
[WhiteElo "2224"]
[BlackElo "2072"]
[PlyCount "87"]

1. e4 c5 2. Nf3 d6 3. d4 cxd4 4. Nxd4 Nf6 5. Nc3 g6 6. Be3 Bg7 7. f3 Nc6 8. Qd2
O-O 9. Bc4 Bd7 10. O-O-O Rc8 11. Bb3 Qa5 12. Kb1 Rfe8 13. h4 Ne5 14. h5 Nxh5
15. g4 Nf6 16. Bh6 Bh8 17. Qh2 Rxc3 18. Bd2 Rec8 19. Bxc3 Rxc3 20. bxc3 Qxc3
21. Qd2 Qc5 22. g5 Nh5 23. f4 Nc4 24. Bxc4 Qxc4 25. Rxh5 gxh5 26. Qd3 Qxd3 27.
Rxd3 Bxd4 28. Rxd4 Bc6 29. Kc1 Kg7 30. Kd2 Kg6 31. Ke3 e5 32. Rxd6+ Kg7 33.
fxe5 Bb5 34. Rh6 Ba4 35. Kd3 Bb5+ 36. c4 Bd7 37. Rxh5 Kg6 38. Rh6+ Kg7 39. Kd4
Be6 40. a4 Bd7 41. a5 Be6 42. c5 a6 43. c6 bxc6 44. Kc5 1-0

[Event "Superettan(Horndal-Rockaden,Sthlm II)"]
[Site "?"]
[Date "2010.02.06"]
[Round "5"]
[White "Revelj, Oskar"]
[Black "Angskog, Kent"]
[Result "1-0"]
[WhiteElo "2045"]
[BlackElo "2202"]
[PlyCount "105"]

1. d4 g6 2. Nf3 Bg7 3. e4 d6 4. Bc4 c6 5. O-O d5 6. exd5 cxd5 7. Bd3 Nf6 8. c3
O-O 9. Re1 Nc6 10. Bg5 Qb6 11. Qb3 Qxb3 12. axb3 Bf5 13. Bxf5 gxf5 14. b4 a6
15. Bxf6 Bxf6 16. Nbd2 e6 17. Nb3 b6 18. Ra2 Ra7 19. Rea1 Rfa8 20. Ne1 Be7 21.
Nd3 Bd6 22. Re1 Kf8 23. f4 a5 24. bxa5 Nxa5 25. Rea1 Nc6 26. Rxa7 Rxa7 27. Rxa7
Nxa7 28. Kf2 f6 29. Ke3 Nc6 30. Nd2 Ke7 31. h3 h5 32. Nf3 Na5 33. Nd2 Nc4+ 34.
Nxc4 dxc4 35. Nc1 Kd7 36. Kf3 Kc6 37. Ne2 Kd5 38. h4 b5 39. Ng3 b4 40. Nxh5 Be7
41. Ng3 b3 42. Nf1 Kc6 43. Ne3 Kb5 44. h5 Bf8 45. g3 Bg7 46. d5 exd5 47. Nxd5
Bh8 48. Ne3 Kc5 49. Nxf5 Kd5 50. g4 Kc6 51. Ke4 Kc5 52. h6 Kb5 53. Kd5 1-0

[Event "Superettan(Horndal-Rockaden,Sthlm II)"]
[Site "?"]
[Date "2010.02.06"]
[Round "5"]
[White "Rorvall, Goran"]
[Black "Berggren, Patrik"]
[Result "1-0"]
[WhiteElo "2200"]
[BlackElo "2006"]
[PlyCount "71"]

1. e4 c5 2. Nf3 d6 3. Bb5+ Bd7 4. a4 Nc6 5. O-O g6 6. Re1 e6 7. c3 Bg7 8. d4
cxd4 9. cxd4 Nge7 10. Bf4 e5 11. dxe5 dxe5 12. Bg5 O-O 13. Nc3 f6 14. Be3 Be6
15. Bc5 Qxd1 16. Raxd1 Rfd8 17. b4 a6 18. Bf1 Rac8 19. Rxd8+ Rxd8 20. b5 axb5
21. axb5 Rc8 22. bxc6 Rxc6 23. Bxe7 Rxc3 24. Rd1 Kf7 25. Bb4 Rb3 26. Bd6 b5 27.
Rc1 Bd7 28. Rc2 Rb1 29. Nd2 Rd1 30. Bb4 f5 31. Rc7 Ke6 32. Nb3 Kf6 33. Nc5 Be8
34. Nb7 Bd7 35. Bd6 Ke6 36. Nc5+ 1-0

[Event "Superettan(Horndal-Rockaden,Sthlm II)"]
[Site "?"]
[Date "2010.02.06"]
[Round "5"]
[White "Ornmarker, Lennart"]
[Black "Bengts, Torleif"]
[Result "0-1"]
[WhiteElo "1932"]
[BlackElo "2174"]
[PlyCount "142"]

1. e4 e5 2. Nf3 d5 3. Nxe5 Bd6 4. d4 dxe4 5. Nc3 Nf6 6. Bg5 Bf5 7. Bc4 O-O 8.
Qe2 Bb4 9. Rd1 h6 10. Bxf6 Qxf6 11. O-O Bxc3 12. bxc3 Nc6 13. Nxc6 Qxc6 14. Rb1
b6 15. Rb5 Qg6 16. f3 Rae8 17. Re5 Rxe5 18. dxe5 exf3 19. Qxf3 Be6 20. Bd3 Qg5
21. Qe4 g6 22. h4 Qh5 23. Be2 Bf5 24. Qc4 Be6 25. Qe4 Bd5 26. Qxd5 Qxe2 27. g3
c6 28. Qd4 c5 29. Qf4 h5 30. Qf6 Qg4 31. Kg2 Qd7 32. Rf3 Re8 33. Rd3 Qe7 34.
Qxe7 Rxe7 35. Re3 f6 36. Kf3 fxe5 37. Ke4 Kf7 38. Kd5 Rd7+ 39. Kxe5 Rd2 40.
Rf3+ Ke7 41. Kf4 Rd5 42. c4 Rd4+ 43. Kg5 Rg4+ 44. Kh6 Ke6 45. Ra3 Ke5 46. Rxa7
Rxg3 47. Ra6 Rg4 48. Rxb6 Rxh4 49. Kxg6 Rxc4 50. Kxh5 Rxc2 51. a4 Ra2 52. Kg4
Rxa4+ 53. Kf3 Rd4 54. Ke3 Kd5 55. Rb8 Kc4 56. Rc8 Rd5 57. Ke4 Rh5 58. Ke3 Kc3
59. Ke2 Rd5 60. Rc7 c4 61. Rc8 Kb3 62. Rb8+ Kc2 63. Rc8 Re5+ 64. Kf2 c3 65. Kf3
Kb2 66. Rb8+ Kc1 67. Rc8 c2 68. Rc7 Re1 69. Kf2 Rh1 70. Ke2 Kb1 71. Rb7+ Ka2
0-1

[Event "Superettan(Horndal-Rockaden,Sthlm II)"]
[Site "?"]
[Date "2010.02.06"]
[Round "5"]
[White "Eriksson, Magnus"]
[Black "Garde, Gunnar"]
[Result "1-0"]
[WhiteElo "2122"]
[BlackElo "1880"]
[PlyCount "87"]

1. d4 d5 2. c4 c6 3. Nc3 Nf6 4. Nf3 g6 5. e3 Bg7 6. Bd3 O-O 7. h3 a6 8. a4 Nbd7
9. b4 Re8 10. Bb2 dxc4 11. Bxc4 Nb6 12. Bd3 Nbd5 13. Nxd5 cxd5 14. O-O Be6 15.
Ng5 Bd7 16. Qe2 h6 17. Nf3 Be6 18. Rfc1 Ne4 19. Ne1 f5 20. Nf3 Kh7 21. Ne5 Rg8
22. Rc2 Nd6 23. Rac1 Bxe5 24. dxe5 Nc4 25. Bd4 b5 26. axb5 axb5 27. Ra2 Qd7 28.
Rca1 Qb7 29. Kh2 Bd7 30. g4 e6 31. h4 Rxa2 32. Qxa2 h5 33. gxf5 gxf5 34. Qe2
Kh6 35. Ra7 Qc8 36. f3 Qd8 37. Qf2 Rg6 38. Kh3 Qe8 39. Qh2 Kh7 40. Qf4 Kg8 41.
Be2 Bc6 42. e4 Qf8 43. exf5 exf5 44. Bd3 1-0

[Event "Superettan(Horndal-Rockaden,Sthlm II)"]
[Site "?"]
[Date "2010.02.06"]
[Round "5"]
[White "Bast, Billy"]
[Black "Johansson, Mikael"]
[Result "1/2-1/2"]
[WhiteElo "1831"]
[BlackElo "1953"]
[PlyCount "58"]

1. d4 Nf6 2. e3 c5 3. c3 g6 4. Bd3 Bg7 5. f4 O-O 6. Nf3 d6 7. O-O Nc6 8. Nbd2
e5 9. dxc5 dxc5 10. Ne4 Qb6 11. fxe5 Nxe4 12. Bxe4 Be6 13. Bxc6 Qxc6 14. e4 Bc4
15. Re1 Rad8 16. Qc2 Bd3 17. Qf2 Bxe4 18. Bg5 f6 19. exf6 Bxf6 20. Bh6 Rfe8 21.
Ng5 Bf5 22. Rxe8+ Rxe8 23. Re1 Rxe1+ 24. Qxe1 Bxg5 25. Bxg5 Qe6 26. Qd2 Qd7 27.
Qxd7 Bxd7 28. Be3 b6 29. Bf4 a6 1/2-1/2

[Event "Superettan(Horndal-Rockaden,Sthlm II)"]
[Site "?"]
[Date "2010.02.06"]
[Round "5"]
[White "Seger, Goran"]
[Black "Smirnov, Nikita"]
[Result "0-1"]
[WhiteElo "2068"]
[BlackElo "1745"]
[PlyCount "96"]

1. e4 e5 2. Nf3 Nc6 3. Bc4 Nf6 4. d3 d5 5. exd5 Nxd5 6. Bg5 Be7 7. Bxe7 Ndxe7
8. h3 O-O 9. Nc3 Ng6 10. Qd2 Nf4 11. O-O-O Qf6 12. Ne4 Qe7 13. g3 Nxh3 14. Nh4
Nd4 15. c3 b5 16. cxd4 bxc4 17. dxc4 exd4 18. Qxd4 Ng5 19. Nxg5 Qxg5+ 20. f4
Qa5 21. Kb1 Bg4 22. Qd5 Qb6 23. Qg5 Rab8 24. Rd2 Qe3 25. Rc2 Qe4 26. Qd5 Qxd5
27. cxd5 Rfd8 28. Rxc7 Rxd5 29. Rxa7 h6 30. Rg1 g5 31. fxg5 hxg5 32. Ng2 Rd2
33. b3 Re8 34. Ra5 f6 35. Nf4 gxf4 36. gxf4 Rd1+ 37. Rxd1 Bxd1 38. Rd5 Bf3 39.
Rd4 Re2 40. b4 Kf7 41. b5 Ke6 42. a4 Re4 43. Rxe4+ Bxe4+ 44. Kb2 Kd5 45. Kb3
Kc5 46. Kc3 f5 47. Kb3 Bf3 48. Kc3 Bd1 0-1

[Event "Superettan(Orgryte-Manhem II)"]
[Site "?"]
[Date "2010.02.06"]
[Round "5"]
[White "Kasib, Laith"]
[Black "Hultin, Johan"]
[Result "0-1"]
[WhiteElo "2197"]
[BlackElo "2351"]
[PlyCount "84"]
[SourceDate "2010.02.20"]

1. d4 Nf6 2. Nf3 e6 3. c4 b6 4. g3 Bb7 5. Bg2 Be7 6. O-O O-O 7. d5 exd5 8. Nh4
c6 9. cxd5 Nxd5 10. Nf5 Nc7 11. Nc3 d5 12. e4 Bf6 13. Re1 Nba6 14. e5 Be7 15.
Qg4 g6 16. Nxe7+ Qxe7 17. Bg5 Qb4 18. Qh3 Qxb2 19. Rac1 Rfe8 20. Bf6 Qa3 21.
Qh6 Qf8 22. Qh4 Nc5 23. Rcd1 N7e6 24. g4 h6 25. Qg3 Ng5 26. f4 Nh7 27. g5 Bc8
28. Bh3 Bxh3 29. Qxh3 Ne6 30. Rf1 hxg5 31. fxg5 Nexg5 32. Bxg5 Nxg5 33. Qg3 Qe7
34. Rde1 d4 35. Ne4 Nxe4 36. Rxe4 Rad8 37. Qh3 Kg7 38. e6 f5 39. Rh4 Rh8 40.
Rxh8 Rxh8 41. Qd3 Qg5+ 42. Kh1 Qe3 0-1

[Event "Superettan(Orgryte-Manhem II)"]
[Site "?"]
[Date "2010.02.06"]
[Round "5"]
[White "Ziegler, Ari"]
[Black "Andersson, Goran"]
[Result "1/2-1/2"]
[WhiteElo "2414"]
[BlackElo "2186"]
[PlyCount "128"]

1. e4 c5 2. Nf3 e6 3. d4 cxd4 4. Nxd4 Nf6 5. Nc3 d6 6. g4 Nc6 7. g5 Nd7 8. Be3
Be7 9. h4 O-O 10. Qd2 a6 11. O-O-O Nxd4 12. Bxd4 b5 13. Bd3 Bb7 14. Rdg1 Ne5
15. Rh3 b4 16. Ne2 Qa5 17. Kb1 Nxd3 18. Qxd3 e5 19. Be3 d5 20. exd5 Bxd5 21.
Nc1 Rfd8 22. Qe2 Rac8 23. Rd1 Be6 24. Rxd8+ Qxd8 25. Rh1 Qc7 26. Rd1 a5 27. Rd2
a4 28. Qb5 a3 29. Nd3 axb2 30. Qxe5 Qc4 31. Qxb2 Qxh4 32. f4 Ra8 33. Rd1 Rxa2
34. Qe5 Qg4 35. Rd2 b3 36. Qb8+ Bf8 37. Bc5 bxc2+ 38. Kc1 Bc8 39. Rxc2 Rxc2+
40. Kxc2 Bxc5 41. Nxc5 Qf5+ 42. Nd3 h6 43. gxh6 gxh6 44. Kc3 h5 45. Ne5 Kg7 46.
Nf3 Qf6+ 47. Kd3 Bg4 48. Ng5 h4 49. Ke3 h3 50. Ne4 Qe7 51. Qb2+ Kg6 52. Qh8 Bf5
53. Qg8+ Kh5 54. Qh8+ Kg4 55. Qg8+ Bg6 56. f5 Kxf5 57. Qc8+ Ke5 58. Qb8+ Kd5
59. Qb5+ Ke6 60. Qc6+ Kf5 61. Qc8+ Qe6 62. Qc5+ Qe5 63. Qc8+ Qe6 64. Qc5+ Qe5
1/2-1/2

[Event "Superettan(Orgryte-Manhem II)"]
[Site "?"]
[Date "2010.02.06"]
[Round "5"]
[White "Larsson, Dan"]
[Black "Frisk Kockum, Anton"]
[Result "0-1"]
[WhiteElo "2106"]
[BlackElo "2325"]
[PlyCount "124"]

1. e4 e6 2. d4 d5 3. exd5 exd5 4. Bd3 Nc6 5. c3 Bd6 6. Nf3 Bg4 7. O-O Nge7 8.
Nbd2 Qd7 9. b4 O-O-O 10. a4 Ng6 11. Re1 Rde8 12. Rxe8+ Rxe8 13. a5 Nh4 14. b5
Bxf3 15. Nxf3 Qg4 16. Bf5+ Qxf5 17. Nxh4 Qh5 18. Nf3 Bxh2+ 19. Kf1 Nd8 20. Be3
Bd6 21. Qa4 f5 22. b6 a6 23. bxc7 Bxc7 24. c4 f4 25. Bc1 Nc6 26. Ng1 f3 27.
gxf3 Bh2 28. Be3 Bxg1 29. Kxg1 Qxf3 30. cxd5 Qg4+ 31. Kf1 Qh3+ 32. Ke2 Qh5+ 33.
Kd2 Qxd5 34. Rc1 Kb8 35. Rc5 Qe4 36. Qc2 Qxc2+ 37. Kxc2 Rf8 38. Kd3 g6 39. Ke4
Re8+ 40. Kf4 Nd8 41. d5 Nf7 42. Rc1 Re5 43. Rd1 Kc7 44. Bc5 Rf5+ 45. Kg3 Kd7
46. f3 Ne5 47. f4 Nc4 48. Bb4 Ne3 49. Rh1 h5 50. d6 Rb5 51. Kf3 Nf5 52. Bd2
Rb3+ 53. Kf2 Rb2 54. Rd1 Nxd6 55. Kf3 Rb3+ 56. Ke2 Ke6 57. Rg1 Kf6 58. Be3 Nf5
59. Bb6 Ng3+ 60. Kf2 Ne4+ 61. Ke2 Kf5 62. Bc7 h4 0-1

[Event "Superettan(Orgryte-Manhem II)"]
[Site "?"]
[Date "2010.02.06"]
[Round "5"]
[White "Virolainen, Victor"]
[Black "Lundstrom, Mattias"]
[Result "1/2-1/2"]
[WhiteElo "2197"]
[BlackElo "2134"]
[PlyCount "124"]

1. d4 d5 2. c4 e6 3. Nf3 c6 4. e3 Nf6 5. b3 Nbd7 6. Bd3 c5 7. O-O cxd4 8. exd4
Bd6 9. Bb2 b6 10. Qe2 O-O 11. Ne5 Bb7 12. Nd2 Be7 13. f4 Rc8 14. a3 Re8 15.
Rae1 Rf8 16. f5 Nxe5 17. dxe5 dxc4 18. Nxc4 Nd5 19. f6 Bc5+ 20. Kh1 g6 21. b4
b5 22. Na5 Ba8 23. Qd2 Be3 24. Rxe3 Nxe3 25. Qxe3 Qd5 26. Rg1 Kh8 27. Be2 Qa2
28. Bd4 a6 29. Bc5 Rfd8 30. Bf3 Bxf3 31. Qxf3 Rd5 32. Qf4 Qd2 33. Qxd2 Rxd2 34.
Re1 Rcd8 35. Bd6 Rc8 36. Nb3 Rd3 37. Nc5 Rxa3 38. h4 a5 39. bxa5 Rxa5 40. Rb1
h6 41. Rb4 Kh7 42. Kh2 g5 43. h5 Kg8 44. Kh3 Rca8 45. g3 Rc8 46. g4 Ra3+ 47.
Kg2 Ra2+ 48. Kf3 Ra3+ 49. Ke2 Rg3 50. Kf2 Rc3 51. Rxb5 Rc4 52. Ke3 Rxg4 53. Rb7
Rg3+ 54. Kf2 Rc3 55. Nxe6 Ra8 56. Nd4 Ra2+ 57. Ne2 Rcc2 58. Rb8+ Kh7 59. Rf8
Rxe2+ 60. Kf3 Rf2+ 61. Ke3 Rae2+ 62. Kd4 Rd2+ 1/2-1/2

[Event "Superettan(Orgryte-Manhem II)"]
[Site "?"]
[Date "2010.02.06"]
[Round "5"]
[White "Pettersson, Anders"]
[Black "Arnelind, Mikael"]
[Result "0-1"]
[WhiteElo "2082"]
[BlackElo "2219"]
[PlyCount "98"]

1. d4 Nf6 2. c4 e6 3. Bg5 Bb4+ 4. Nd2 h6 5. Bxf6 Qxf6 6. e3 O-O 7. a3 Bxd2+ 8.
Qxd2 d6 9. Bd3 e5 10. d5 Qg5 11. f3 a5 12. O-O-O Nd7 13. h4 Qe7 14. Kb1 Nc5 15.
Bc2 Bd7 16. Ne2 b5 17. cxb5 Bxb5 18. g4 Bxe2 19. Qxe2 Rab8 20. Ka1 Rb6 21. g5
h5 22. f4 exf4 23. g6 fxg6 24. Bxg6 f3 25. Qc2 Qe5 26. e4 Rfb8 27. Rb1 Rb3 28.
Ka2 Re3 29. Rhe1 Rxe1 30. Rxe1 Nd3 31. Rb1 Rxb2+ 32. Rxb2 Qxb2+ 33. Qxb2 Nxb2
34. Bxh5 f2 35. Be2 Nd1 36. Kb3 Kf7 37. Kc4 Ne3+ 38. Kb5 Ke7 39. Kxa5 f1=Q 40.
Bxf1 Nxf1 41. Kb5 Nd2 42. a4 Nxe4 43. a5 Nc5 44. a6 Nxa6 45. Kxa6 Kf6 46. Kb7
Ke5 47. Kxc7 Kxd5 48. Kd7 g6 49. Ke7 Ke5 0-1

[Event "Superettan(Orgryte-Manhem II)"]
[Site "?"]
[Date "2010.02.06"]
[Round "5"]
[White "Lauritzson, Peter"]
[Black "Bergre, Joachim"]
[Result "1/2-1/2"]
[WhiteElo "2148"]
[BlackElo "2105"]
[PlyCount "25"]

1. Nf3 g6 2. g3 Bg7 3. d4 Nf6 4. Bg2 O-O 5. O-O d6 6. c4 c5 7. dxc5 dxc5 8. Nc3
Nc6 9. Be3 Be6 10. Bxc5 Qa5 11. Be3 Bxc4 12. Nd4 Nxd4 13. Qxd4 1/2-1/2

[Event "Superettan(Orgryte-Manhem II)"]
[Site "?"]
[Date "2010.02.06"]
[Round "5"]
[White "von Bromssen, Goran"]
[Black "Eksmyr, Johan"]
[Result "1/2-1/2"]
[WhiteElo "2061"]
[BlackElo "2141"]
[PlyCount "21"]

1. d4 Nf6 2. c4 g6 3. Nc3 d5 4. Nf3 Bg7 5. g3 O-O 6. Bg2 c6 7. cxd5 cxd5 8. Ne5
e6 9. O-O Nfd7 10. f4 f6 11. Nf3 1/2-1/2

[Event "Superettan(Orgryte-Manhem II)"]
[Site "?"]
[Date "2010.02.06"]
[Round "5"]
[White "Tibell, Ingemar"]
[Black "Eriksson, Mats"]
[Result "1/2-1/2"]
[WhiteElo "2071"]
[BlackElo "2043"]
[PlyCount "47"]

1. e4 e5 2. Nf3 Nc6 3. Bb5 Bc5 4. c3 Nf6 5. d4 Bb6 6. O-O O-O 7. Re1 exd4 8.
cxd4 d5 9. e5 Ne4 10. Nc3 Bg4 11. Bxc6 bxc6 12. Nxe4 dxe4 13. Rxe4 Bxf3 14.
Qxf3 Bxd4 15. Qg4 f5 16. exf6 Qxf6 17. Rf4 Qe5 18. Bd2 Bxb2 19. Rb1 c5 20. Re4
Qf6 21. Rf4 Qe5 22. Re4 Qf6 23. Rf4 Qe5 24. Re4 1/2-1/2

[Event "Superettan(Manhem II-Orebro)"]
[Site "?"]
[Date "2010.02.27"]
[Round "6"]
[White "Gruvaeus, Curt"]
[Black "Andersson, Goran"]
[Result "1/2-1/2"]
[WhiteElo "2352"]
[BlackElo "2186"]
[PlyCount "61"]
[SourceDate "2010.03.03"]

1. d4 Nf6 2. Nf3 g6 3. g3 Bg7 4. Bg2 O-O 5. O-O d6 6. b3 e5 7. e3 e4 8. Nfd2 d5
9. c4 c6 10. h3 Be6 11. Nc3 Re8 12. a4 h5 13. Ba3 Nh7 14. cxd5 cxd5 15. Nb5 Bf8
16. Bxf8 Rxf8 17. Qc1 Nc6 18. Qc5 Qd7 19. Qd6 Rfd8 20. Qxd7 Rxd7 21. Rfc1 a6
22. Na3 Nf6 23. Rc3 Ne8 24. Bf1 Rc7 25. Rac1 Rac8 26. Kg2 Nb8 27. Rxc7 Rxc7 28.
Rxc7 Nxc7 29. f3 f5 30. h4 Kf7 31. Kf2 1/2-1/2

[Event "Superettan(Manhem II-Orebro)"]
[Site "?"]
[Date "2010.02.27"]
[Round "6"]
[White "Lundstrom, Mattias"]
[Black "Fransson, Peter"]
[Result "1-0"]
[WhiteElo "2134"]
[BlackElo "2342"]
[PlyCount "73"]

1. e4 d6 2. d4 Nf6 3. Nc3 c6 4. Nf3 Bg4 5. h3 Bxf3 6. Qxf3 e5 7. dxe5 dxe5 8.
Bg5 Bb4 9. a3 Be7 10. Qg3 Nbd7 11. Be2 Qc7 12. O-O Nc5 13. Bxf6 Bxf6 14. Bc4
O-O 15. Rfd1 b5 16. Ba2 a5 17. Qe3 Qe7 18. Ne2 Bg5 19. Qf3 Rad8 20. Ng3 g6 21.
Rxd8 Rxd8 22. Rd1 Rxd1+ 23. Qxd1 Bf4 24. Nf1 Na4 25. Qe1 b4 26. axb4 Qxb4 27.
Qe2 Nc5 28. g3 Bh6 29. Qf3 Ne6 30. Bxe6 fxe6 31. b3 Bg7 32. Ne3 a4 33. Nc4 axb3
34. cxb3 Qe1+ 35. Kg2 h5 36. Nd6 h4 37. gxh4 1-0

[Event "Superettan(Manhem II-Orebro)"]
[Site "?"]
[Date "2010.02.27"]
[Round "6"]
[White "Lind, Jan-Olov"]
[Black "Bergre, Joachim"]
[Result "1-0"]
[WhiteElo "2243"]
[BlackElo "2105"]
[PlyCount "93"]

1. e4 d6 2. d4 g6 3. Nf3 Bg7 4. Nc3 a6 5. a4 b6 6. Bc4 e6 7. Bb3 Nd7 8. O-O Ne7
9. Re1 O-O 10. Bf4 Bb7 11. Qd2 d5 12. exd5 Nxd5 13. Nxd5 Bxd5 14. Bxd5 exd5 15.
Bh6 Nf6 16. Bxg7 Kxg7 17. Ne5 Qd6 18. Ra3 Rae8 19. Rh3 h5 20. Rhe3 c5 21. dxc5
bxc5 22. f4 d4 23. f5 Nd5 24. R3e2 Qd8 25. Nxf7 Kxf7 26. Qh6 Rxe2 27. Qxg6+ Ke7
28. Rxe2+ Kd7 29. Re5 Nc7 30. Qg7+ Kd6 31. Qg3 Kc6 32. b4 cxb4 33. Qf3+ Kb6 34.
a5+ Ka7 35. Qc6 Kb8 36. Qb6+ Ka8 37. Qc6+ Kb8 38. Qb6+ Ka8 39. Rc5 Qe7 40. h3
Qe3+ 41. Kh1 Qe1+ 42. Kh2 h4 43. Qc6+ Kb8 44. Qxc7+ Ka8 45. Qc6+ Ka7 46. Qd7+
Ka8 47. Qd5+ 1-0

[Event "Superettan(Manhem II-Orebro)"]
[Site "?"]
[Date "2010.02.27"]
[Round "6"]
[White "Outgajjouft, Said"]
[Black "Larsson, Patrik"]
[Result "1/2-1/2"]
[WhiteElo "2100"]
[BlackElo "2040"]
[PlyCount "65"]

1. e4 d6 2. Nc3 g6 3. d4 Bg7 4. Be3 a6 5. Qd2 b5 6. a3 Nd7 7. Nge2 Bb7 8. f3 c6
9. Ng3 h5 10. Be2 Ngf6 11. f4 h4 12. Nf1 c5 13. Bf3 b4 14. axb4 cxb4 15. Nd1
Bxe4 16. Bxe4 Nxe4 17. Qxb4 O-O 18. Nd2 Nef6 19. Nf3 Nd5 20. Qb3 Nxe3 21. Qxe3
e5 22. dxe5 dxe5 23. O-O exf4 24. Qxf4 h3 25. g3 Qb6+ 26. Kh1 Qc6 27. Nf2 Ne5
28. Nxh3 Nxf3 29. Qxf3 Qxf3+ 30. Rxf3 Bxb2 31. Ra2 Be5 32. Rfa3 Rfc8 33. Rxa6
1/2-1/2

[Event "Superettan(Manhem II-Orebro)"]
[Site "?"]
[Date "2010.02.27"]
[Round "6"]
[White "Blomstrom, Lars"]
[Black "Larsson, Dan"]
[Result "1-0"]
[WhiteElo "2116"]
[BlackElo "2106"]
[PlyCount "91"]

1. e4 c5 2. Nf3 Nc6 3. d4 cxd4 4. Nxd4 Nf6 5. Nc3 g6 6. Be2 Bg7 7. Nb3 O-O 8.
O-O d6 9. Bg5 a5 10. a4 Nb4 11. f4 Qb6+ 12. Kh1 e6 13. Bf3 d5 14. e5 Nd7 15.
Qe2 Nc5 16. Qf2 Nxc2 17. Nxc5 Nxa1 18. Rxa1 Bd7 19. Kg1 Bc6 20. Nd3 Qxf2+ 21.
Kxf2 Rfc8 22. Be7 Bf8 23. Bxf8 Kxf8 24. Ne2 Bd7 25. Ke3 b6 26. Nd4 Ke7 27. g4
h5 28. gxh5 gxh5 29. h4 Rg8 30. b3 Rac8 31. Rc1 Rxc1 32. Nxc1 f6 33. exf6+ Kxf6
34. Nd3 Rc8 35. Ne5 Be8 36. Ke2 Bg6 37. Nxg6 Kxg6 38. Nxe6 Kf5 39. Bxd5 Kg4 40.
Bc4 Rc6 41. Ke3 Rd6 42. Nd4 Rf6 43. f5 Rf8 44. Ke4 Kxh4 45. Kf4 Kh3 46. Ne6 1-0

[Event "Superettan(Manhem II-Orebro)"]
[Site "?"]
[Date "2010.02.27"]
[Round "6"]
[White "Karlsson, Ake"]
[Black "von Bromssen, Goran"]
[Result "0-1"]
[WhiteElo "1677"]
[BlackElo "2061"]
[PlyCount "62"]

1. f4 d6 2. e4 Nf6 3. d3 g6 4. Be2 Bg7 5. c3 c5 6. Bf3 Nc6 7. Nd2 Bd7 8. Ne2
Bg4 9. Ng3 Bxf3 10. Qxf3 O-O 11. O-O Qd7 12. Nc4 b5 13. Ne3 a5 14. Bd2 a4 15.
Ne2 Rab8 16. g4 b4 17. Ng3 Ne8 18. h4 a3 19. bxa3 bxc3 20. Be1 Nd4 21. Qd1 c2
22. Nxc2 Nxc2 23. Qxc2 Bxa1 24. f5 Bd4+ 25. Kh1 Be5 26. Qe2 Qa4 27. g5 Rb2 28.
Qf3 Qc2 29. Rf2 Qb1 30. Rxb2 Qxe1+ 31. Nf1 Bxb2 0-1